Statistics for Stadiums Named after Cities, States or Counties

Click here to take the quiz!

General Stats

  • This quiz has been taken 5 times
  • The average score is 6 of 12

Answer Stats

Answer% Correct
Atlanta-Fulton County Stadium
100%
Los Angeles Memorial Coliseum
75%
Milwaukee County Stadium
75%
Oakland Alameda County Coliseum
75%
Georgia Dome
50%
Texas Stadium
50%
Arlington Stadium
25%
Cleveland Stadium
25%
Foxboro Stadium
25%
Montreal Arena
25%
New Orleans Arena
25%
Tampa Stadium
25%

Score Distribution

Percentile by Number Answered

Percent of People with Each Score

Your Score History

You have not taken this quiz